000 02303cam a2200589 a 4500
001 21103
003 VRT
005 20260213135950.0
008 240226s1971 xo a j 000 1 slo
015 _aSNBA1971/01-00270
020 _q(viaz.)
035 _aSNK000372613
035 _a78CDD6F5-3813-474D-B1B1-7C2644E491D0
035 _aurn:nbn:sk:snk-am00ihnv
039 9 _a202402262119
_bVLOAD
_c202305011840
_dVLOAD
_c202304281441
_dVLOAD
_c202304281106
_dVLOAD
040 _aSNK
_bslo
_cSNK
_eAACR2
041 0 _aslo
044 _axo
_cSK
072 7 _a821.162.4-3
_xSlovenská próza
_2konspekt
080 _a821.162.4-3
_22001
080 _a(0:82-311.3)
_22001
080 _a821.162.4-31
_22001
080 _a82-93
_22001
100 1 _aFerko, Milan,
_d1929-2010
_4aut
245 1 0 _aRinaldo Rinaldini, čiže, Odvážne kúsky a pohnuté osudy slávneho zbojníckeho náčelníka v dvoch častiach alebo osemnástich hlavách
_cs použitím motívov Ch.A. Vulpiusa napísal Milan Ferko ; [ilustroval František Šesták]
246 3 0 _aOdvážne kúsky a pohnuté osudy slávneho zbojníckeho náčelníka
250 _a1. vyd.
260 _aBratislava
_bMladé letá
_c1971
_eMartin
_fTlačiarne SNP
300 _a268 s.
_bilustr.
_c21 cm
366 _e24000 výtl.
490 1 _aKlub mladých čitateľov
500 _aVysvetlivky, výslovnosť cudzích slov, ilustrácie na frontispice a predsádkach
521 1 _aPre čitateľov od 13 rokov
600 1 7 _aRinaldini, Rinaldo,
_d1797-1800
_2SNKMA
655 7 _aslovenské romány
_2SNKPH
655 7 _adobrodružné romány
_2SNKPH
655 7 _aliteratúra pre mládež
_2SNKPH
655 7 _aSlovak fiction
_2SNKPHeng
655 7 _aAdventure novels
_2SNKPHeng
655 7 _aChildren's and juvenile literature
_2SNKPHeng
700 1 _aŠesták, František,
_d1935-2004
_4ill
830 0 _aKlub mladých čitateľov
910 _asnk
942 _2ddc
_cKLDO
_n0
949 _63830001040257
_akurukT18/FERK1-9
_bkuruk2010/F369
949 _62889178275
_asavukS 51887
949 _asnklmMK 6421
949 _617A0309675
_asnkSC 27002
_bsnkKSP 1581/71
_s6100:20220317
949 _617A0357939
_asnkSC 27002 D1
_bsnkF 1198/2002
949 _6270001000480781
_asvkbbS 10975
_bsvkbbm 227627
999 _c21103
_d21103